<?xml version="1.0" encoding="UTF-8"?><?xml-stylesheet type="text/xsl" href="static/style.xsl"?><OAI-PMH xmlns="http://www.openarchives.org/OAI/2.0/" xmlns:xsi="http://www.w3.org/2001/XMLSchema-instance" xsi:schemaLocation="http://www.openarchives.org/OAI/2.0/ http://www.openarchives.org/OAI/2.0/OAI-PMH.xsd"><responseDate>2026-04-17T01:48:39Z</responseDate><request verb="GetRecord" identifier="oai:www.recercat.cat:2072/439044" metadataPrefix="marc">https://recercat.cat/oai/request</request><GetRecord><record><header><identifier>oai:recercat.cat:2072/439044</identifier><datestamp>2026-03-30T05:11:16Z</datestamp><setSpec>com_2072_98</setSpec><setSpec>col_2072_378192</setSpec></header><metadata><record xmlns="http://www.loc.gov/MARC21/slim" xmlns:dcterms="http://purl.org/dc/terms/" xmlns:xsi="http://www.w3.org/2001/XMLSchema-instance" xmlns:doc="http://www.lyncode.com/xoai" xsi:schemaLocation="http://www.loc.gov/MARC21/slim http://www.loc.gov/standards/marcxml/schema/MARC21slim.xsd">
   <leader>00925njm 22002777a 4500</leader>
   <datafield ind2=" " ind1=" " tag="042">
      <subfield code="a">dc</subfield>
   </datafield>
   <datafield ind2=" " ind1=" " tag="720">
      <subfield code="a">Oller Guzmán, Joan</subfield>
      <subfield code="e">author</subfield>
   </datafield>
   <datafield ind2=" " ind1=" " tag="260">
      <subfield code="c">2017</subfield>
   </datafield>
   <datafield ind2=" " ind1=" " tag="520">
      <subfield code="a">En aquest article intentarem fer un repàs de les característiques de la població humana situada a part de la depressió Prelitoral Catalana (actual Vallès) durant el període de la primera edat del ferro (VIII-VII aC). Analitzarem les característiques dels assentaments que s'hi han documentat arqueològicament i, a partir d'aquí, intentarem plantejar algunes hipòtesis al voltant de la societat que els va habitar, amb l'objectiu de conèixer millor els antecedents que van suposar l'aparició del món iber laietà en aquesta àrea.</subfield>
   </datafield>
   <datafield ind2=" " ind1=" " tag="520">
      <subfield code="a">In this paper we will focus on the characteristics of the human population located in the Catalan Coastal Depression (Depressió Prelitoral, present-day Vallès) during the Iron Age I period (8th-7th century B.C.). We will analyze the characteristics of the archaeologically known settlements and, after that, we will try to offer some hypotheses about the society which inhabited them, being our main goal to obtain a better understanding of the background which allowed the emergence of the Iberian-Laietanian world in this area.</subfield>
   </datafield>
   <datafield ind2=" " ind1=" " tag="520">
      <subfield code="a">En este artículo intentaremos hacer un repaso de las características de la población humana situada en parte de la depresión Prelitoral Catalana (actual Vallès) durante el periodo de la primera edad del hierro (VIII-VII aC). Analizaremos las características de los asentamientos que se han documentado arqueológicamente y, a partir de aquí, intentaremos plantear algunas hipótesis alrededor de la sociedad que los habitó, con el objetivo de conocer mejor los antecedentes que supusieron la aparición del mundo íbero layetano en esta área.</subfield>
   </datafield>
   <datafield tag="653" ind2=" " ind1=" ">
      <subfield code="a">Vallès</subfield>
   </datafield>
   <datafield tag="653" ind2=" " ind1=" ">
      <subfield code="a">Primer ferro</subfield>
   </datafield>
   <datafield tag="653" ind2=" " ind1=" ">
      <subfield code="a">Territori</subfield>
   </datafield>
   <datafield tag="653" ind2=" " ind1=" ">
      <subfield code="a">Complexitat social i econòmica</subfield>
   </datafield>
   <datafield tag="653" ind2=" " ind1=" ">
      <subfield code="a">Iron age I</subfield>
   </datafield>
   <datafield tag="653" ind2=" " ind1=" ">
      <subfield code="a">Territory</subfield>
   </datafield>
   <datafield tag="653" ind2=" " ind1=" ">
      <subfield code="a">Social and economic complexity</subfield>
   </datafield>
   <datafield tag="653" ind2=" " ind1=" ">
      <subfield code="a">Primer hierro</subfield>
   </datafield>
   <datafield tag="653" ind2=" " ind1=" ">
      <subfield code="a">Territorio</subfield>
   </datafield>
   <datafield tag="653" ind2=" " ind1=" ">
      <subfield code="a">Complejidad social y económica</subfield>
   </datafield>
   <datafield ind2="0" ind1="0" tag="245">
      <subfield code="a">La primera edat del ferro al Vallès : algunes hipòtesis sobre els antecedents del món iber laietà (segles VIII-VII aC)</subfield>
   </datafield>
</record></metadata></record></GetRecord></OAI-PMH>